Elecciones y transición democrática en México /

Saved in:
Bibliographic Details
Main Author: Mirón Lince, Rosa María
Format: Text
Subjects:
Tags: Add Tag
No Tags, Be the first to tag this record!

MARC

LEADER 00000 a a2200000 04500
001 7726
003
040
100 |a Mirón Lince, Rosa María  
245 |a Elecciones y transición democrática en México /  |c Rosa María Mirón Lince 
650 |a DEMOCRACIA  
650 |a PARTIDOS POLITICOS  
650 |a PARTICIPACION SOCIAL  
650 |a MEXICO  
773 |g número 12; páginas 7-22  
999 |c 25642  |d 25642